000 01207nam a22003617a 4500
003 CHAP
005 20220329133227.0
008 971013s1991 r 00010 d
010 _a3639
011 _a4611
035 _a3815
040 _cCHAP
090 _aTesis
100 0 0 _aCedillo Carrillo, José Guadalupe.
_920843
245 _aGeneración de datos sintéticos de la variación de nivel freático aplicando métodos numéricos
260 _aChapingo, Méx. :
_bEl autor,
_c1991
300 _a104 h.
_b; gráfs.
500 _a50-212
502 _aTesis (Ing. Agr. Esp. en Irrigación) -- UACH. Departamento de Irrigación
590 _aALEPH
_b10
_c20130110
_lUCH01
_h1215
590 _aBATCH-UPD
_b10
_c20130110
_lUCH01
_h0309
590 _aBATCH-UPD
_b10
_c20130110
_lUCH01
_h1844
590 _aBATCH-UPD
_b10
_c20130409
_lUCH01
_h2341
590 _aBATCH-UPD
_b10
_c20130914
_lUCH01
_h0349
590 _aCONVERSION
_b10
_c20130109
_lUCH01
_h1303
650 1 4 _aAgua subterranea
_zMexico (Edo.).
_92488
650 1 4 _aAnálisis numérico.
_95991
650 1 4 _aLago de Texcoco.
_964410
650 1 4 _aPozos.
_991207
901 _aBK
942 _cTESIS
949 _bBC
_cTES
_d-13343
_eTS1
_h24538
_i3815
_si
999 _c3639
_d3639